000 00530nam a2200193Ia 4500
001 8572
003 GE_BSU
008 181216s||||||||xx |||||||||||||| ||und||
040 _cGE_BSU
245 _aПедагогика №9. 2013.
245 _bНаучн.-технич. журнал РА образования
245 _cГл.ред.Р.С.Бозиев
260 _aМосква
260 _bООО Педагогика
260 _c2013
300 _a128ст.;24см.
653 _aПедагогика
942 _cCR
999 _c41888
_d41888